[Event "Match"]
[Site "www.echecsemail.com"]
[Date "2014.12.24"]
[Round "1"]
[White "Noobasaurus"]
[Black "Jaalston"]
[WhiteElo "1499"]
[BlackElo "1499"]
[Result "0-1"]
[Round "1"]
1.e4 e5
2.Ng1f3 Nb8c6
3.Bf1b5 Ng8f6
4.Nb1c3 a6
5.Bb5xc6 bxc6
6.Nf3xe5 Qd8e7
7.f4 Bc8b7
8.d3 d6
9.Ne5f3 g6
10.Bc1e3 Bf8g7
11.Qd1d2 c5
12.O-O-O O-O
13.h3 d5
14.Nc3e2 dxe4
15.dxe4 Nf6xe4
16.Qd2d7 Qe7d8
17.Qd7xd8 Ra8xd8
18.Rd1xd8 Rf8xd8
19.c4 a5
20.Ne2c3 Ne4xc3
21.bxc3 Bg7xc3
22.Be3xc5 Bb7a6
23.Bc5e7 Rd8d7
24.Kc2 Bc3g7
25.Rh1e1 f6
26.Kb3 Bg7h6
27.Be7xf6 Rd7d3
28.Ka4 Bh6xf4
29.Kxa5 Rd3a3
30.Kb4 Ra3xa2
{ resign }
0-1

[Event "Match"]
[Site "www.echecsemail.com"]
[Date "2014.12.24"]
[Round "1"]
[White "Germancho95"]
[Black "Hurtadofredy"]
[WhiteElo "1460"]
[BlackElo "1619"]
[Result "1-0"]
[Round "1"]
1.e4 e5
2.Ng1f3 d6
3.Bf1b5 c6
4.Bb5a4 b5
5.Ba4b3 a5
6.a4 Bf8e7
7.d3 Bc8g4
8.Nb1d2 Qd8b6
9.c3 Bg4xf3
10.Nd2xf3 Ng8f6
11.d4 Nf6xe4
12.O-O exd4
13.Nf3xd4 bxa4
14.Ra1xa4 c5
15.Nd4f5 Kf8
16.Ra4xe4 Nb8c6
17.Bb3d5 Ra8e8
18.Qd1h5 g6
19.Qh5h6 Kg8
20.Qh6g7 { resign }
1-0

[Event "Match"]
[Site "www.echecsemail.com"]
[Date "2014.12.24"]
[Round "1"]
[White "Caspito"]
[Black "Muller42"]
[WhiteElo "1830"]
[BlackElo "1809"]
[Result "0-1"]
[Round "1"]
1.e4 c6
2.d4 d5
3.e5 Bc8f5
4.Ng1f3 e6
5.Bf1d3 Bf5g6
6.Nf3g5 Bf8e7
7.Bd3xg6 hxg6
8.Ng5xf7 Kxf7
9.Nb1c3 Ng8h6
10.Bc1xh6 gxh6
11.f4 Kg7
12.Qd1d3 c5
13.O-O-O cxd4
14.Qd3xd4 Nb8c6
15.Qd4f2 Rh8f8
16.g4 Be7g5
17.Kb1 Bg5xf4
18.Rh1f1 Bf4xe5
19.Qf2d2 Qd8a5
20.h4 Be5xc3
21.Qd2xc3 Qa5xc3
22.bxc3 Rf8xf1
23.Rd1xf1 Ra8f8
{ resign }
0-1

[Event "Match"]
[Site "www.echecsemail.com"]
[Date "2014.12.24"]
[Round "1"]
[White "Reanna"]
[Black "Roque1"]
[WhiteElo "1570"]
[BlackElo "1790"]
[Result "1-0"]
[Round "1"]
1.c4 e6
2.f3 Qd8h4
3.g3 Qh4xc4
4.e4 Qc4d4
5.Ng1e2 Qd4b6
6.Bf1g2 Bf8b4
7.Nb1c3 Ng8f6
8.Qd1b3 Nb8c6
9.d4 Nc6xd4
10.Ne2xd4 Qb6xd4
11.Bc1d2 a5
12.a3 a4
13.Qb3xb4 Qd4xb4
14.axb4 c6
15.O-O e5
16.Nc3xa4 d5
17.Na4b6 Ra8b8
18.Nb6xc8 Rb8xc8
19.Ra1a7 Rc8b8
20.exd5 Nf6xd5
21.f4 exf4
22.Bd2xf4 Rb8d8
23.Bg2xd5 Rd8xd5
24.Ra7a8 Rd5d8
25.Rf1e1 Kd7
26.Re1d1 Ke7
27.Bf4g5 f6
28.Rd1e1 Kf7
29.Ra8xd8 Rh8xd8
30.Bg5f4 Rd8d4
31.Re1c1 Rd4xb4
32.Rc1c2 Ke6
33.Kg2 Kd5
34.Rc2d2 Ke4
35.Rd2e2 Kd3
36.Re2d2 Kc4
37.h4 Rb4a4
38.Rd2f2 b5
39.Kh3 c5
40.Bf4c1 Kb3
41.Rf2f3 Kc2
42.Rf3c3 Kd1
43.Rc3xc5 b4
44.Rc5c4 Ra4a2
45.g4 b3
46.Rc4c3  { time }
1-0

[Event "1/8 Finale"]
[Site "www.chess-mail.com"]
[Date "2014.12.24"]
[Round "1"]
[White "Hennie4820"]
[Black "Stebac"]
[WhiteElo "2000"]
[BlackElo "2720"]
[Result "0-1"]
[Round "1"]
1.e4 d6
2.d4 Ng8f6
3.f3 e5
4.d5 c6
5.c4 Bf8e7
6.Nb1c3 O-O
7.Bc1e3 a6
8.Bf1d3 cxd5
9.cxd5 b5
10.a3 Nf6h5
11.Qd1d2 h6
12.Ng1e2 Be7g5
13.Be3xg5 hxg5
14.O-O Nb8d7
15.b4 Nd7b6
16.Ra1c1 Bc8d7
17.g4 Nh5f4
18.Ne2xf4 gxf4
19.Qd2f2 Qd8b8
20.Nc3b1 a5
21.Nb1d2 axb4
22.axb4 Ra8a4
23.Rc1b1 Rf8c8
24.Qf2e1 Qb8a7
25.Nd2b3 Nb6xd5
26.Kh1 Nd5xb4
27.Bd3e2 Nb4a2
28.Qe1d2 Na2c3
29.Rb1a1 Bd7e6
30.Ra1xa4 bxa4
31.Nb3a1 Qa7e3
32.Qd2xe3 fxe3
33.Be2d3 d5
34.exd5 Be6xd5
35.Kg2 Bd5b7
36.Rf1e1 Rc8d8
37.Bd3c4 Rd8d4
38.Bc4f1 Rd4xg4
39.Kh3 Rg4g1
40.Re1xe3 Nc3d5
41.Re3e1 Nd5f4
42.Kh4 g5

0-1

[Event "1/128 Finale"]
[Site "www.chess-mail.com"]
[Date "2014.12.24"]
[Round "1"]
[White "Robwally"]
[Black "Generalfree"]
[WhiteElo "1569"]
[BlackElo "2000"]
[Result "0-1"]
[Round "1"]
1.c4 e5
2.Nb1c3 c6
3.Ng1f3 d6
4.e4 h6
5.Bf1e2 a6
6.O-O Bf8e7
7.d4 exd4
8.Nf3xd4 c5
9.Nd4c2 Ng8f6
10.Rf1e1 Bc8d7
11.Nc3d5 Nf6xd5
12.exd5 O-O
13.b4 cxb4
14.Nc2xb4 a5
15.Nb4d3 Be7f6
16.Bc1b2 Bf6xb2
17.Nd3xb2 Qd8c8
18.h3 Nb8a6
19.Nb2d3 Qc8xc4
 { time }
0-1

[Event "Eq:Clubul Central de Sah-Slap Shot Mates : "]
[Site "www.chess-mail.com"]
[Date "2014.12.24"]
[Round "1"]
[White "Rocadamica"]
[Black "Edijs"]
[WhiteElo "2800"]
[BlackElo "2750"]
[Result "0-1"]
[Round "1"]
1.d4 Ng8f6
2.c4 e6
3.Ng1f3 b6
4.a3 Bc8a6
5.Qd1c2 Ba6b7
6.Nb1c3 c5
7.e4 cxd4
8.Nf3xd4 d6
9.Bf1e2 Nb8d7
10.O-O Bf8e7
11.Bc1e3 O-O
12.f4 Ra8c8
13.Ra1d1 Qd8c7
14.g4 Nf6e8
15.g5 g6
16.Be2g4 Ne8g7
17.b3 Rc8e8
18.Nd4b5 Qc7b8
19.e5 dxe5
20.Rd1xd7 exf4
21.Be3xf4 Be7c5
22.Nb5d4 Qb8c8
23.Rd7d6 Re8d8
24.Nc3b5 Rd8xd6
25.Bf4xd6 Bc5xd6
26.Nb5xd6 Qc8c5
27.Rf1d1 Qc5xd6
28.Bg4f3 e5
29.c5 Qd6e7
30.Bf3xb7 exd4
31.c6 Qe7xg5
32.Qc2g2 Qg5e3
33.Qg2f2 Qe3xb3
34.Qf2xd4 Ng7e6
35.Qd4d3 Qb3a4
36.Rd1c1 Qa4f4
37.Rc1f1 Qf4e5
38.Kh1 Ne6c5
39.Qd3f3 Nc5xb7
40.cxb7 Qe5c7
41.Rf1f2 Rf8b8
42.h4 h5
43.Rf2d2 Rb8xb7
44.Kg2 Rb7b8
45.Qf3e4 b5
{ resign }
0-1

[Event "Eq:Angels of Checkmate-Clubul Central de Sah : "]
[Site "www.chess-mail.com"]
[Date "2014.12.24"]
[Round "1"]
[White "Pispindroi"]
[Black "Veerar"]
[WhiteElo "2700"]
[BlackElo "2530"]
[Result "1-0"]
[Round "1"]
1.d4 d5
2.c4 c6
3.Ng1f3 Ng8f6
4.cxd5 cxd5
5.Nb1c3 Nb8c6
6.Bc1f4 Bc8f5
7.e3 e6
8.Qd1b3 Bf8b4
9.Bf1b5 O-O
10.Bb5xc6 Bb4xc3
11.Qb3xc3 Ra8c8
12.Nf3e5 Nf6g4
13.Ne5xg4 Bf5xg4
14.Qc3b4 Rc8xc6
15.Qb4xb7 Qd8c8
16.Qb7xc8 Rf8xc8
17.O-O Bg4e2
18.Rf1e1 Be2d3
19.h4 Kf8
20.Ra1d1 Bd3g6
21.Rd1d2 Rc6c2
22.Bf4d6 Ke8
23.Re1d1 a5
24.Bd6c5 Rc8b8
25.b3 Rc2c3
26.Rd1e1 Kd7
27.f3 Rb8c8
28.Kf2 Kc6
29.g4 h5
30.g5 Rc8c7
31.Rd2d1 Rc3c2
32.Re1e2 Rc2c3
33.Rd1a1  { time }
1-0

[Event "Eq:SIETE ESTRELLAS VERDES-CONFOEDERATIONIS HELVETICAE : "]
[Site "www.chess-mail.com"]
[Date "2014.12.24"]
[Round "1"]
[White "Pgcbies"]
[Black "Asoka"]
[WhiteElo "2740"]
[BlackElo "2670"]
[Result "1-0"]
[Round "1"]
1.e4 e6
2.d4 d5
3.Nb1c3 Ng8f6
4.Bc1g5 Bf8e7
5.e5 Nf6d7
6.h4 h6
7.Bg5e3 c5
8.Qd1g4 Kf8
9.O-O-O Nb8c6
10.Ng1f3 c4
11.h5 b5
12.Rh1h3 b4
13.Nc3e2 Qd8a5
14.Rh3g3 Rh8h7
15.Kb1 Ke8
16.Nf3d2 Nd7f8
17.Ne2c1 Bc8a6
18.f4 g6
19.Qg4f3 Ba6b7
20.Nd2xc4 dxc4
21.Bf1xc4 Qa5c7
22.Bc4b5 a6
23.Bb5a4 g5
24.fxg5 hxg5
25.d5 exd5
26.Be3xg5 Ra8d8
27.Bg5f6 Nf8e6
28.Qf3f5 Be7xf6
29.Rg3g8 Kd7
30.Qf5xh7 Qc7xe5
31.Qh7xf7 Kc8
32.Nc1d3 Qe5d6
33.Rd1f1 Rd8xg8
34.Qf7xg8 Ne6d8
35.Ba4xc6 Bb7xc6
36.Qg8g6 Bf6e7
37.Qg6xd6 Be7xd6
38.h6 Bc6b5
39.h7 Bb5xd3
40.cxd3 { resign }
1-0

[Event "Fast Game"]
[Site "www.echecsemail.com"]
[Date "2014.12.24"]
[Round "1"]
[White "Chessmith19"]
[Black "Tonino1"]
[WhiteElo "2120"]
[BlackElo "1920"]
[Result "1-0"]
[Round "1"]
1.e4 c5
2.Ng1f3 Nb8c6
3.d4 cxd4
4.Nf3xd4 g6
5.c4 Bf8g7
6.Bc1e3 Ng8f6
7.Nb1c3 O-O
8.Bf1e2 d6
9.O-O Qd8a5
10.h3 Nc6xd4
11.Be3xd4 Bc8d7
12.Qd1d3 Ra8c8
13.f4 Rc8c7
14.Qd3e3 b6
15.e5 dxe5
16.fxe5 Nf6e8
17.Nc3d5 Rc7b7
18.b4 Qa5a4
19.Be2d1 Qa4a6
20.Nd5xe7 Kh8
21.e6 Bd7xe6
22.b5 Qa6a5
23.Ne7c6  { time }
1-0

[Event "Tourn. n7668"]
[Site "www.chess-mail.com"]
[Date "2014.12.25"]
[Round "1"]
[White "Fangshuo"]
[Black "Bobjones"]
[WhiteElo "2120"]
[BlackElo "2250"]
[Result "0-1"]
[Round "1"]
1.e4 e5
2.Ng1f3 Nb8c6
3.Nb1c3 Ng8f6
4.Bf1b5 d6
5.d4 exd4
6.Nf3xd4 Bc8d7
7.Nd4xc6 bxc6
8.Bb5c4 Bf8e7
9.O-O O-O
10.Rf1e1 h6
11.Bc1f4 Nf6e8
12.Qd1f3 Qd8c8
13.Qf3g3 Kh8
14.e5 Bd7f5
15.Nc3e4 d5
16.Bc4d3 dxe4
17.Bd3xe4 Bf5xe4
18.Re1xe4 Qc8e6
19.b3 Ra8d8
20.Ra1e1 g5
21.Bf4c1 Ne8f6
22.Re4a4 Be7c5
23.Bc1b2 Nf6d5
24.h4 Rf8g8
25.Qg3g4 Kh7
26.Bb2c1 Qe6xg4
27.Ra4xg4 gxh4
28.Rg4xh4 Rg8g6
29.g4 Bc5e7
30.g5 Be7xg5
31.Bc1xg5 Rg6xg5
32.Kf1 Rd8g8
33.f4 Rg5g1
34.Kf2 Rg1g2
35.Kf3 Rg8g3
36.Ke4 Rg3g4
37.Rh4xg4 Rg2xg4
38.Re1f1 Kg6
39.Rf1f3 Nd5b4
40.Rf3c3 Rg4xf4
41.Kxf4 Nb4d5
42.Ke4 Nd5xc3
{ resign }
0-1

[Event "Tourn. n7716"]
[Site "www.chess-mail.com"]
[Date "2014.12.25"]
[Round "1"]
[White "Pgcbies"]
[Black "Schwiizer"]
[WhiteElo "2780"]
[BlackElo "2700"]
[Result "1-0"]
[Round "1"]
1.e4 c5
2.Ng1f3 d6
3.d4 cxd4
4.Nf3xd4 Ng8f6
5.Nb1c3 Nb8c6
6.Bc1g5 e6
7.Qd1d2 Bf8e7
8.O-O-O O-O
9.f4 Nc6xd4
10.Qd2xd4 Qd8a5
11.e5 dxe5
12.Qd4xe5 b5
13.Qe5xb5 Qa5c7
14.Qb5e5 Qc7b7
15.Bf1e2 Bc8d7
16.Nc3e4 Nf6xe4
17.Bg5xe7 Rf8c8
18.Rh1e1 Bd7a4
19.b3 Qb7xe7
20.Qe5xe4 Ba4c6
21.Qe4e5 a5
22.f5 Qe7g5
23.Kb1 Qg5xf5
24.Qe5xf5 exf5
25.g3 g6
26.c4 Kg7
27.Kb2 Rc8e8
28.Be2f1 Ra8d8
29.Kc3 Kf6
30.Rd1c1 g5
31.a3 Bc6e4
32.c5 f4
33.b4 Re8e5
34.Bf1c4 f3
35.b5 Kf5
36.c6 Re5c5
37.Kb3 f2
38.Re1f1 Ke5
39.Bc4e2 Kd6
40.Rc1xc5 Kxc5
41.Rf1xf2 a4
42.Kb2 f5
43.Kc3 h5
44.Be2c4 Rd8d4
45.Bc4f1 Rd4d1
46.c7 Kb6
47.c8N Kc5
48.Kb2 Rd1b1
49.Ka2 Rb1b3
50.b6 Be4b1
51.Ka1 Bb1e4
52.Bf1a6 f4
53.gxf4 gxf4
54.Rf2b2 Rb3xa3
55.Rb2a2 Ra3b3
56.Ra2xa4 Be4d5
57.Ra4xf4 Rb3a3
58.Kb2 Ra3xa6
59.Rf4f5 Ra6a2
60.Kb1 Ra2a4
61.Nc8e7 Ra4b4
62.Kc2 Rb4c4
63.Kb2 Rc4b4
64.Ka3 Rb4b3
65.Ka2 Rb3xb6
66.Rf5xd5 Kc4
67.Rd5xh5 Kd4
68.h4 Rb6e6
69.Rh5h7 Kc3
70.h5 Re6a6
71.Kb1 Ra6b6
72.Kc1 Rb6a6
73.Ne7d5 Kd4
74.Nd5f4 Ke4
75.Rh7f7 Ra6h6
76.Kd2 { resign }
1-0

[Event "Tourn. n7884"]
[Site "www.chess-mail.com"]
[Date "2014.12.25"]
[Round "1"]
[White "Xav77"]
[Black "Wegaman"]
[WhiteElo "2020"]
[BlackElo "1960"]
[Result "1-0"]
[Round "1"]
1.e4 e6
2.d4 d5
3.exd5 exd5
4.a3 Nb8c6
5.Bf1b5 Bc8d7
6.Bb5xc6 Bd7xc6
7.Ng1f3 Ng8f6
8.Qd1e2 Bf8e7
9.Bc1g5 O-O
10.Nb1c3 Rf8e8
11.Nf3e5 a6
12.O-O Be7d6
13.Ne5xc6 bxc6
14.Qe2f3 Bd6e7
15.Rf1e1 h6
16.Bg5h4 Ra8b8
17.b4 Qd8d6
18.Nc3e2 Nf6e4
19.Bh4g3 Ne4xg3
20.Ne2xg3 Be7f6
21.Ng3f5 Re8xe1
22.Ra1xe1 Qd6d7
23.Nf5xh6 gxh6
24.Qf3xf6 Kh7
25.Re1e7 { resign }
1-0

[Event "Tourn. n7956"]
[Site "www.chess-mail.com"]
[Date "2014.12.25"]
[Round "1"]
[White "Krasin"]
[Black "Cathar"]
[WhiteElo "2240"]
[BlackElo "2020"]
[Result "0-1"]
[Round "1"]
1.e4 g6
2.d4 Bf8g7
3.Nb1c3 d6
4.f4 a6
5.Ng1f3 b5
6.Bf1d3 Nb8d7
7.e5 c5
8.Bd3e4 Ra8b8
9.e6 fxe6
10.Nf3g5 Nd7f8
11.dxc5 h6
12.Ng5f3 dxc5
13.Qd1xd8 Kxd8
14.Bc1e3 Ng8f6
15.O-O-O Kc7
16.Be3xc5 b4
17.Nc3a4 Nf6xe4
18.Bc5xe7 Bg7f6
{ resign }
0-1

[Event "Tourn. n7860"]
[Site "www.chess-mail.com"]
[Date "2014.12.25"]
[Round "1"]
[White "Drdoom"]
[Black "Uliczny2"]
[WhiteElo "1670"]
[BlackElo "1700"]
[Result "1-0"]
[Round "1"]
1.e4 e5
2.Ng1f3 Ng8f6
3.Nf3xe5 d6
4.Ne5f3 Nf6xe4
5.Qd1e2 Qd8e7
6.d3 Ne4f6
7.h3 Bc8f5
8.Bc1g5 Qe7xe2
9.Bf1xe2 Bf8e7
10.O-O Nb8d7
11.c4 Nd7c5
12.Nb1c3 O-O
13.b3 Nc5xd3
14.Be2xd3 Bf5xd3
15.Rf1e1  { time }
1-0

[Event "Tourn. n7860"]
[Site "www.chess-mail.com"]
[Date "2014.12.25"]
[Round "1"]
[White "Uliczny2"]
[Black "Hansen"]
[WhiteElo "1700"]
[BlackElo "1430"]
[Result "0-1"]
[Round "1"]
1.e4 d5
2.exd5 Qd8xd5
3.d4 Qd5e4
4.Bc1e3 g6
5.Ng1f3 Bc8g4
6.Bf1e2 Nb8c6
7.Nb1c3 Qe4f5
8.O-O h5
9.Be2d3 Qf5d7
10.Bd3b5 Qd7f5
11.Bb5d3 Qf5e6
12.d5 Qe6d6
13.dxc6 Qd6xc6
14.Bd3e4 Qc6a6
15.h3 f5
16.Be4d3 Qa6a5
17.a3 Bg4xf3
 { time }
0-1

[Event "Tourn. n7922"]
[Site "www.chess-mail.com"]
[Date "2014.12.25"]
[Round "1"]
[White "Averoes"]
[Black "Oxycontin"]
[WhiteElo "2170"]
[BlackElo "2030"]
[Result "1-0"]
[Round "1"]
1.d4 Ng8f6
2.c4 e6
3.Ng1f3 Bf8b4
4.Bc1d2 Qd8e7
5.g3 b6
6.Bf1g2 Bc8b7
7.O-O O-O
8.Bd2g5 d5
9.a3 Bb4d6
10.Nf3e5 Nb8d7
11.Ne5xd7 Qe7xd7
12.Bg5xf6 gxf6
13.cxd5 exd5
14.Nb1c3 c6
15.e4 dxe4
16.Bg2xe4 c5
17.d5 Bd6e5
18.Qd1h5 { resign }
1-0

[Event "Tourn. n7867"]
[Site "www.chess-mail.com"]
[Date "2014.12.25"]
[Round "1"]
[White "Greghghs"]
[Black "Bevittsmith"]
[WhiteElo "2410"]
[BlackElo "2210"]
[Result "1-0"]
[Round "1"]
1.e4 e6
2.d4 d5
3.Nb1c3 Bf8b4
4.a3 Bb4xc3
5.bxc3 dxe4
6.Qd1g4 Ng8f6
7.Qg4xg7 Rh8g8
8.Qg7h6 c5
9.Ng1e2 Rg8g6
10.Qh6d2 Nb8d7
11.g3 b6
12.Bf1g2 Qd8c7
13.O-O Bc8b7
14.Ne2f4 Rg6g7
15.a4 h5
16.Qd2e2 e3
17.Nf4xh5 exf2
18.Rf1xf2 Nf6xh5
19.Qe2xh5 Bb7xg2
20.Bc1f4 Qc7c6
21.Qh5h8 { resign }
1-0

[Event "Tourn. n7905"]
[Site "www.chess-mail.com"]
[Date "2014.12.25"]
[Round "1"]
[White "Luban"]
[Black "Vite"]
[WhiteElo "2130"]
[BlackElo "2040"]
[Result "1-0"]
[Round "1"]
1.d4 d5
2.Ng1f3 Bc8g4
3.e3 Ng8f6
4.c4 c6
5.Nb1c3 e6
6.a3 Nb8d7
7.cxd5 exd5
8.Bf1e2 Bf8d6
9.O-O O-O
10.Qd1c2 Qd8c7
11.h3 Bg4h5
12.b4 Bh5g6
13.Be2d3 Bg6xd3
14.Qc2xd3 Rf8e8
15.Bc1b2 Nf6e4
16.Ra1c1 Nd7b6
17.Nf3d2 f5
18.f3 Ne4g3
19.Rf1e1 Re8e7
20.e4 Ra8e8
21.Kf2 fxe4
22.fxe4 Re8f8
23.Nd2f3 dxe4
24.Nc3xe4 Ng3xe4
25.Re1xe4 Nb6d5
26.Kg1 Bd6h2
27.Nf3xh2 Re7f7
28.Rc1f1 Rf7xf1
29.Nh2xf1 Nd5f4
30.Qd3g3 { resign }
1-0

[Event "Tourn. n7797"]
[Site "www.chess-mail.com"]
[Date "2014.12.25"]
[Round "1"]
[White "Theos666"]
[Black "Iko"]
[WhiteElo "1350"]
[BlackElo "1470"]
[Result "1-0"]
[Round "1"]
1.e4 e5
2.Ng1f3 d6
3.Nb1c3 c5
4.g3 f5
5.Bf1d3 fxe4
6.Bd3xe4 Qd8f6
7.d3 h6
8.Nc3d5 Qf6f7
9.O-O b5
10.b3 Nb8c6
11.a3 Bc8e6
12.c3 Be6xd5
13.Be4xd5 Qf7xd5
14.Nf3h4 g5
15.Nh4f5 e4
16.dxe4 Qd5xe4
17.g4 Qe4e5
18.Rf1e1 Qe5xe1
19.Qd1xe1 Nc6e7
20.Nf5xd6 Kd7
21.Nd6xb5 Ra8b8
22.a4 Ng8f6
23.Bc1a3 a6
24.Ra1d1 Kc6
25.Rd1d6 Kb7
26.Nb5d4 Nf6xg4
27.Ba3xc5 Ne7c8
28.Rd6d7 Ka8
29.Nd4c6 Rb8xb3
30.Qe1e8 Bf8xc5
31.Qe8xh8 Rb3b2
32.Qh8xc8 Rb2b8
33.Qc8c7 Rb8b1
34.Kg2 Bc5xf2
35.Rd7d8 Rb1b8
36.Rd8xb8 
1-0

[Event "Tourn. n7918"]
[Site "www.chess-mail.com"]
[Date "2014.12.25"]
[Round "1"]
[White "Faerieking"]
[Black "Tomcapp"]
[WhiteElo "1499"]
[BlackElo "1450"]
[Result "1-0"]
[Round "1"]
1.e4 e5
2.Ng1f3 Nb8c6
3.Bf1c4 Ng8f6
4.Nf3g5 d5
5.exd5 Nc6d4
6.c3 Nd4f5
7.d6 Bc8e6
8.Bc4xe6 fxe6
9.dxc7 Qd8xc7
10.Ng5xe6 Qc7c4
11.Ne6xf8 Rh8xf8
12.d3 Qc4d5
13.O-O Nf5h4
14.f3 Nf6g4
15.Bc1g5 e4
16.Bg5xh4 exf3
17.Qd1a4 Kf7
18.Qa4xg4 f2
19.Bh4xf2 Kg8
20.Bf2d4 Rf8xf1
21.Kxf1 Ra8f8
22.Kg1 Rf8f5
23.Qg4xg7 
1-0

[Event "Tourn. n7814"]
[Site "www.chess-mail.com"]
[Date "2014.12.25"]
[Round "1"]
[White "Georgepapi"]
[Black "Iko"]
[WhiteElo "1700"]
[BlackElo "1450"]
[Result "1-0"]
[Round "1"]
1.e4 e5
2.Ng1f3 d6
3.d4 Nb8c6
4.dxe5 Nc6xe5
5.Nf3xe5 dxe5
6.Qd1xd8 Kxd8
7.Bf1c4 Bc8e6
8.Bc4xe6 fxe6
9.Bc1g5 Ng8f6
10.Nb1d2 Bf8e7
11.f3 Kc8
12.Nd2c4 Be7d6
13.O-O-O Nf6e8
14.Rd1d3 b5
15.Nc4xd6 Ne8xd6
16.Bg5e7 Nd6c4
17.Rh1d1 Kb7
18.b3 Nc4b6
19.Be7c5 Kc6
20.Bc5xb6 Kxb6
21.Rd3d7 g5
22.Rd7e7 Ra8e8
23.Rd1d7 Kc6
24.Rd7xc7 Kd6
25.Re7xe8 Rh8xe8
26.Rc7xh7 a5
27.Rh7a7 Re8h8
28.h3 Kc5
29.Ra7xa5 Kb4
30.Ra5a6 Rh8e8
31.Kb2 Re8e7
32.a3 Kc5
33.Kc3 Re7f7
34.b4 
1-0

[Event "Tourn. n7921"]
[Site "www.chess-mail.com"]
[Date "2014.12.25"]
[Round "1"]
[White "Uliczny2"]
[Black "Faerieking"]
[WhiteElo "1710"]
[BlackElo "1499"]
[Result "0-1"]
[Round "1"]
1.e4 e5
2.Ng1f3 f5
3.Nf3xe5 Nb8c6
4.Qd1h5 g6
5.Ne5xg6 Ng8f6
6.Qh5xf5 d6
7.Qf5g5 Rh8g8
 { time }
0-1

[Event "Tourn. n7961"]
[Site "www.chess-mail.com"]
[Date "2014.12.25"]
[Round "1"]
[White "Bojan"]
[Black "Mitja"]
[WhiteElo "1910"]
[BlackElo "1930"]
[Result "1-0"]
[Round "1"]
1.d4 d5
2.Ng1f3 e6
3.c4 dxc4
4.e4 b5
5.Nb1c3 a6
6.a4 Bc8b7
7.axb5 axb5
8.Ra1xa8 Bb7xa8
9.b3 cxb3
10.Bf1xb5 Ba8c6
11.Qd1xb3 Bc6xb5
12.Qb3xb5 Nb8d7
13.O-O Bf8e7
14.Nf3e5 h6
15.Ne5c6 Qd8c8
16.d5 exd5
17.exd5 Ng8f6
18.Rf1e1 Kf8
19.Nc6xe7 Qc8d8
20.Bc1a3 { resign }
1-0

[Event "Tourn. n7867"]
[Site "www.chess-mail.com"]
[Date "2014.12.25"]
[Round "1"]
[White "Sontuozio"]
[Black "Tartan"]
[WhiteElo "2210"]
[BlackElo "2370"]
[Result "0-1"]
[Round "1"]
1.d4 Ng8f6
2.Ng1f3 d5
3.e3 e6
4.Bf1d3 c5
5.c3 Nb8d7
6.Nb1d2 Bf8e7
7.O-O O-O
8.a3 Qd8c7
9.b4 e5
10.dxe5 Nd7xe5
11.Nf3xe5 Qc7xe5
12.Bc1b2 Bc8g4
13.Qd1c2 c4
14.Nd2xc4 dxc4
15.Bd3xc4 Rf8d8
16.Bc4b3 Be7d6
17.g3 Bg4f3
18.c4 Qe5h5
19.Bb2xf6 Qh5h3
{ resign }
0-1

[Event "Tourn. n7902"]
[Site "www.chess-mail.com"]
[Date "2014.12.25"]
[Round "1"]
[White "Iko"]
[Black "A27l"]
[WhiteElo "1430"]
[BlackElo "1420"]
[Result "1-0"]
[Round "1"]
1.e4 e5
2.Ng1f3 d6
3.c4 Ng8f6
4.d3 h6
5.c5 dxc5
6.Nf3xe5 Bf8e7
7.Qd1b3 O-O
8.Bc1e3 b6
9.Ne5xf7 Rf8xf7
10.e5 Nf6d5
11.d4 c6
12.g3 Kh8
13.Nb1c3 Rf7f8
{ time. }
1-0

[Event "Tourn. n7866"]
[Site "www.chess-mail.com"]
[Date "2014.12.25"]
[Round "1"]
[White "Hugol"]
[Black "Robwally"]
[WhiteElo "1780"]
[BlackElo "1769"]
[Result "1-0"]
[Round "1"]
1.e4 e5
2.Ng1f3 Nb8c6
3.Bf1c4 Bf8c5
4.c3 Ng8f6
5.d3 O-O
6.Nb1d2 d5
7.exd5 Nf6xd5
8.Nd2e4 Bc5b6
9.O-O Bc8g4
10.h3 Bg4xf3
11.Qd1xf3 h6
12.Qf3g3 Nd5f6
13.Bc1xh6 Nf6e8
14.Rf1e1 g6
15.Bh6xf8 Kxf8
16.Qg3f3 f5
17.Ra1d1 Nc6e7
18.Ne4g5 Ne8f6
19.Ng5e6  { time }
1-0

[Event "Tourn. n7920"]
[Site "www.chess-mail.com"]
[Date "2014.12.25"]
[Round "1"]
[White "Gatrooper"]
[Black "A27l"]
[WhiteElo "1350"]
[BlackElo "1420"]
[Result "1-0"]
[Round "1"]
1.e4 e5
2.a3 d6
3.h3 Ng8f6
4.Nb1c3 c6
5.d3 h6
6.Ng1f3 Bf8e7
7.Bf1e2 O-O
8.d4 exd4
{ time. }
1-0

[Event "Tourn. n7957"]
[Site "www.chess-mail.com"]
[Date "2014.12.25"]
[Round "1"]
[White "Bojan"]
[Black "Mitja"]
[WhiteElo "1900"]
[BlackElo "1920"]
[Result "1-0"]
[Round "1"]
1.c4 d5
2.cxd5 Qd8xd5
3.Nb1c3 Qd5d8
4.a3 e6
5.d4 c6
6.Ng1f3 h6
7.e4 Ng8f6
8.Qd1c2 Qd8b6
9.Bc1e3 Qb6c7
10.Ra1c1 Bf8e7
11.h3 Nb8d7
12.Bf1d3 Nd7b6
13.Qc2b3 Nb6d7
14.d5 exd5
15.Nc3xd5 Nf6xd5
16.exd5 Nd7b8
17.Be3d4 O-O
18.Qb3c3 f6
19.dxc6 Nb8xc6
20.Qc3c4 Kh8
21.Nf3h4 { resign }
1-0

[Event "Tourn. n7776"]
[Site "www.chess-mail.com"]
[Date "2014.12.25"]
[Round "1"]
[White "Robwally"]
[Black "Fabos12"]
[WhiteElo "1459"]
[BlackElo "1600"]
[Result "0-1"]
[Round "1"]
1.d4 Ng8f6
2.g3 d6
3.Bf1g2 g6
4.Ng1f3 Bf8g7
5.O-O O-O
6.c4 b6
7.Nf3d2 c6
8.Nb1c3 Rf8e8
9.e4 Qd8c7
10.Rf1e1 Nf6g4
11.e5 dxe5
12.d5 Nb8a6
13.dxc6 Na6c5
14.Nd2e4 Re8d8
15.Qd1e2 Nc5xe4
16.Qe2xe4 Rd8d4
17.Qe4e2 Bc8f5
18.Nc3b5 Qc7d8
19.Nb5xd4 Qd8xd4
20.Bc1e3 Qd4d6
21.Ra1d1 Qd6c7
22.b4 e4
23.Bg2xe4 Ng4xe3
24.Qe2xe3 Bf5xe4
25.Qe3xe4 Bg7f6
26.Rd1d7 Qc7c8
27.c7 Kg7
28.Qe4c6 Qc8e8
29.Qc6xa8 Qe8xa8
30.Rd7d8 Qa8f3
31.c8Q e5
32.Rd8g8 Kh6
33.Qc8h3 Qf3h5
34.Qh3xh5 Kxh5
35.h3 Kg5
 { time }
0-1

[Event "Tourn. n7957"]
[Site "www.chess-mail.com"]
[Date "2014.12.25"]
[Round "1"]
[White "Bigoak"]
[Black "Mitja"]
[WhiteElo "1980"]
[BlackElo "1920"]
[Result "1-0"]
[Round "1"]
1.e4 d5
2.d4 dxe4
3.f3 exf3
4.Ng1xf3 c6
5.Bf1c4 e6
6.O-O b5
7.Bc4d3 a6
8.Bc1e3 Bc8b7
9.Nb1d2 Qd8c7
10.Nd2b3 h6
11.Qd1e2 Ng8f6
12.Nf3e5 Nf6d5
13.Ne5xf7 { resign }
1-0

[Event "Tourn. n7887"]
[Site "www.chess-mail.com"]
[Date "2014.12.25"]
[Round "1"]
[White "Uliczny2"]
[Black "A27l"]
[WhiteElo "1680"]
[BlackElo "1420"]
[Result "1-0"]
[Round "1"]
1.e4 e5
2.Ng1f3 d6
3.d4 Bf8e7
4.dxe5 dxe5
5.Qd1xd8 Be7xd8
6.Nf3xe5 Ng8f6
7.Nb1c3 c6
8.f3 O-O
9.Bc1g5 h6
{ time. }
1-0

[Event "Tourn. n7868"]
[Site "www.chess-mail.com"]
[Date "2014.12.25"]
[Round "1"]
[White "Anja"]
[Black "Bojan"]
[WhiteElo "1850"]
[BlackElo "2020"]
[Result "1-0"]
[Round "1"]
1.e4 g6
2.d4 d5
3.e5 Bf8g7
4.f4 Bc8f5
5.Bf1d3 e6
6.g4 Bf5xd3
7.Qd1xd3 a6
8.Nb1c3 Ng8h6
9.h3 Nb8d7
10.Ng1f3 Nh6g8
11.Bc1e3 Ng8e7
12.O-O-O f6
13.Rd1f1 Ne7c6
14.exf6 Nd7xf6
15.Nf3e5 Qd8d6
16.Nc3a4 Nc6b4
17.Qd3b3 Nf6e4
18.Rh1g1 b5
19.Na4c5 Ne4xc5
20.dxc5 Nb4xa2
21.Qb3xa2 Qd6e7
22.Be3d4 O-O
23.c6 Qe7h4
24.Qa2b3 Qh4h6
25.Qb3e3 Qh6h4
26.Qe3g3 Qh4e7
27.h4 Bg7f6
28.h5 g5
29.fxg5 Bf6xg5
30.Kb1 a5
31.Qg3d3 b4
32.Ne5d7 Rf8f4
33.Rf1xf4 Bg5xf4
34.Nd7f6 Kf8
35.Nf6xh7 Ke8
36.Qd3g6 Kd8
37.Bd4f6 { resign }
1-0

[Event "Tourn. n7769"]
[Site "www.chess-mail.com"]
[Date "2014.12.25"]
[Round "1"]
[White "Picifarkinca"]
[Black "Wildsmokey"]
[WhiteElo "1799"]
[BlackElo "1869"]
[Result "0-1"]
[Round "1"]
1.Ng1f3 Ng8f6
2.g3 d5
3.Bf1g2 c6
4.d4 Bc8f5
5.O-O Nb8d7
6.Nb1d2 Qd8c7
7.c4 e6
8.Nf3h4 Bf5g4
9.cxd5 exd5
10.Nh4f3 Bf8d6
11.Qd1c2 O-O
12.Rf1e1 Rf8e8
13.Nd2b3 a5
14.Nb3c5 Nd7xc5
15.dxc5 Bd6f8
16.Bc1f4 Qc7e7
17.Bf4d6 Qe7e4
18.Qc2xe4 Nf6xe4
19.Bd6xf8 Kxf8
20.Ra1c1 Bg4xf3
21.Bg2xf3 a4
22.b4 axb3
23.axb3 Ra8a3
24.Bf3xe4 Re8xe4
25.Rc1c3 Ra3a2
26.e3 Ra2b2
27.Re1a1 Re4b4
28.Ra1a3 Ke7
29.Kg2 h5
30.Kf3 Kf6
31.Kg2 g5
32.h3 Ke5
33.Kf3 g4
34.hxg4 hxg4
35.Kg2 Kf5
36.Ra3a4 Rb4xa4
{ resign }
0-1

[Event "Match"]
[Site "www.echecsemail.com"]
[Date "2014.12.25"]
[Round "1"]
[White "Obisporey"]
[Black "Andersspike"]
[WhiteElo "2410"]
[BlackElo "2209"]
[Result "1-0"]
[Round "1"]
1.e4 d6
2.d4 Ng8f6
3.Nb1c3 g6
4.f4 Bf8g7
5.Ng1f3 c5
6.Bf1b5 Bc8d7
7.e5 Nf6g4
8.Bb5xd7 Qd8xd7
9.h3 cxd4
10.Qd1xd4 Nb8c6
11.Qd4e4 Ng4h6
12.Bc1e3 Nh6f5
13.Be3f2 dxe5
14.fxe5 Nc6xe5
15.Nf3xe5 Qd7e6
16.Qe4a4 Kf8
17.O-O-O Bg7xe5
18.Rh1e1 f6
19.g4 Nf5d6
20.Bf2d4  { time }
1-0

[Event "Match"]
[Site "www.echecsemail.com"]
[Date "2014.12.25"]
[Round "1"]
[White "Dominiquer"]
[Black "Spartacus42"]
[WhiteElo "1599"]
[BlackElo "1809"]
[Result "0-1"]
[Round "1"]
1.e4 c6
2.d4 d5
3.e5 Bc8f5
4.Ng1f3 e6
5.Bf1d3 Bf5g6
6.Bd3xg6 hxg6
7.Nf3g5 Bf8e7
8.h4 Be7xg5
9.Bc1xg5 Qd8xg5
10.hxg5 Rh8xh1
11.Ke2 Rh1xd1
12.Kxd1 f6
13.f4 Nb8d7
14.b4 O-O-O
15.Nb1c3 Ng8e7
16.Kd2 Rd8h8
17.a4 Rh8h2
18.Ra1g1 Ne7f5
19.Kd3 fxg5
20.fxg5 Rh2h8
21.a5 b6
22.g4 Nf5e7
23.Rg1a1 Kb7
24.Ra1f1 Rh8f8
25.Rf1a1 c5
26.Ra1b1 cxd4
27.Nc3b5 Nd7xe5
28.Kxd4 Ne7c6
29.Kc3 Ne5xg4
30.Nb5d6 Kc7
31.Nd6b5 Kb8
32.a6 e5
33.Rb1d1 d4
34.Kc4 Ng4e3
{ resign }
0-1